Zyma os'-os' prylyne

Bibliographic Details
Main Author: Mehelyk, Dmytro Tychonovyč, 1924-1985 (Author)
Format: Article
Language:Ukrainian
Subjects:
Online Access:https://polbibliograf.blogspot.com/2020/01/blog-post_16.html

MARC

LEADER 00000nab a2200000 4500
001 vtls012245271
003 SK-MaSNL
005 20260303200347.0
008 231204c2023 xo zr|p || ||00 c0ukr
015 |a SNBRB2023/12 
038 |a SVKPOCL 
040 |a SVKPOCL  |b slo  |c SVKPOCL  |e rda 
041 0 |a ukr 
044 |a xo  |c SK 
072 7 |a 821.161  |x Východoslovanské literatúry  |2 konspekt 
080 |a 821.161.2-1-053.2  |2 2011 
080 |a 821.161.2-93  |2 2011 
080 |a 821.161.2-1  |2 2011 
080 |a (477)  |2 2011 
100 1 |a Mehelyk, Dmytro Tychonovyč,  |d 1924-1985  |4 aut  |9 1230345 
245 1 0 |a Zyma os'-os' prylyne  |c Dmytro Mehelyk 
336 |a text  |b txt  |2 rdacontent 
337 |a bez média  |b n  |2 rdamedia 
338 |a zväzok  |b nc  |2 rdacarrier 
500 |a Doplňujúce údaje sú prevzaté z polbibliograf.blogspot.com 
500 |a V rubrike Čy znajete vy, ščo- 
650 0 7 |a ukrajinská poézia  |2 SNKPH  |9 59029 
650 0 7 |a poézia pre deti  |2 SNKPH  |9 31212 
650 0 7 |a ukrajinské básne  |2 svkpocl  |9 857154 
650 0 7 |a ukrajinská literatúra  |2 SNKPH  |9 1218 
655 7 |a poézia pre deti  |2 SNKPH  |9 86748 
655 7 |a ukrajinská poézia  |2 SNKPH  |9 70502 
773 0 |t Veselka  |g Roč. 71, č. 3 (2023/2024), s. 3 
852 |a SVKPO  |b KIS3GCP 
856 4 2 |u https://polbibliograf.blogspot.com/2020/01/blog-post_16.html 
958 |a SS 
958 |a UA 
958 |a LX 
958 |a NM 
958 |a DB 
999 |c 2167821  |d 2169751